00667 a2200169 45000010006000000050017000060080041000230030015000640400040000790800083001192450047002022640037002493000019002865050148003051000022004537000022004753465520260407155633.0260407a1966 arg spa dAR-UNSa-BCEJYS aAR-UNSa-BCEJYSbspacAR-UNSa-BCEJYS a658.15xAdministración financiera privada. Gestión financiera de empresas 10aLa decisión de inversiones en la empresa 1aBilbao :bEdiciones Deustoc1966 a210 p.c21 cm. a1. Introducción - 2. Objetivos de los negocios - 3. La influencia de la incertidumbre - 4. Procedimientos de la decisión - 5. Conclusiones.1 aWright, Robert E.1 aGil Castro, Pablo